000 01279nam a2200301 a 4500
001 000026155
003 DO-SdBNP
005 20240308073618.0
007 ta
008 110303s2003 dr r 000 0 spa d
040 _aDO-SdBNP
_bspa
_cBNPHU
082 4 _a021.7
_bF356s, 2003
_222
111 2 _aFeria Internacional del Libro
_n(6ª :
_d2003 : 24 abril al 4 mayo :
_cSanto Domingo)
_953138
245 1 0 _aVI Feria Internacional del Libro Santo Domingo, 2003 :
_bprograma /
_cdirector general Carlos Esteban Deive.
246 1 3 _aSexta Feria Internacional del Libro Santo Domingo
260 _aSanto Domingo :
_bSecretaría de Estado de Cultura,
_c2003.
300 _a66 p. ;
_c23 cm.
500 _aEn homenaje a Eugenio María De Hostos y país invitado Cuba.
500 _aEn la cubierta : XXX Feria Nacional del Libro
500 _aLeer abre puerta
590 _aInventariado, 2019/VM
611 2 4 _aFeria internacional del libro
_n(8ª :
_d2005 :
_cSanto Domingo, República Dominicana)
_xProgramas
_953139
650 4 _aFeria del libro
_zRepública Dominicana
_xProgramas
_y2003
_953140
650 4 _aIndustria del libro
_zRepública Dominicana
_953136
700 1 _aDeive, Carlos Esteban,
_d1935-2019
_91916
910 _aValidado. Control de calidad. EMS
942 _2ddc
_cLBS1
999 _c25647
_d25647